Biología i (dutey) /

Guardado en:
Autor Principal: Dutey, María Leonie
Formato: Libro
Publicado: Buenos Aires : Huemul, 1987
Edición:3a. ed.
Etiquetas: Agregar Etiqueta
Sin Etiquetas, Sea el primero en etiquetar este registro!
LEADER 00866nam a22002175a 4500
001 CEM.cems007230
008 130507s1987##################000#0#####d
005 20240806092022.0
245 1 0 |a Biología i (dutey) / 
250 |a 3a. ed. 
260 |a Buenos Aires :  |b Huemul,  |c 1987 
300 |a 240 p.1 
100 1 |a Dutey, María Leonie 
082 0 4 |a 574 
859 |a CEMS  |b BIB. CEMS - 11 de abril  |h 574  |i D951A3/I  |p 17014.93  |t Ej.1 
859 |a CEMS  |b BIB. CEMS - 11 de abril  |h 574  |i D951A3/I  |p 17015.93  |t Ej.2 
859 |a CEMS  |b BIB. CEMS - Agricultura  |h 574  |i D951A3/I  |p A17016.93  |t Ej.3 
859 |a CEMS  |b BIB. CEMS - 11 de abril  |h 574  |i D951A3/I  |p 17532.94  |t Ej.4 
859 |a CEMS  |b BIB. CEMS - Agricultura  |h 574  |i D951A3/I  |p A17606.94  |t Ej.5 
859 |a CEMS  |b BIB. CEMS - Agricultura  |h 574  |i D951A3/I  |p A17607.94  |t Ej.6 
859 |a CEMS  |b BIB. CEMS - 11 de abril  |h 574  |i D951A3/I  |p 17608.94  |t Ej.7